India`s animal-drawn vehicles / (Record no. 3790)
[ view plain ]
| 000 -LEADER | |
|---|---|
| fixed length control field | 00509cam a2200193ua 4500 |
| 041 ## - LANGUAGE CODE | |
| Language code of text/sound track or separate title | eng |
| 082 ## - DEWEY DECIMAL CLASSIFICATION NUMBER | |
| Classification number | 388.341 |
| Item number | RAM/IN |
| 100 ## - MAIN ENTRY--AUTHOR NAME | |
| Personal name | Ramaswamy , N S . |
| 245 ## - TITLE STATEMENT | |
| Title | India`s animal-drawn vehicles / |
| 260 ## - PUBLICATION, DISTRIBUTION, ETC. (IMPRINT) | |
| Place of publication | Bangalore : |
| Name of publisher | Indian Institute of Management , |
| Year of publication | 1984. |
| 300 ## - PHYSICAL DESCRIPTION | |
| Number of Pages | 365 ; . |
| 500 ## - GENERAL NOTE | |
| General note | **Reference |
| 700 1# - ADDED ENTRY--PERSONAL NAME | |
| Personal name | Narasimham, C L . |
| 942 ## - ADDED ENTRY ELEMENTS (KOHA) | |
| Koha item type | Books |
| Withdrawn status | Lost status | Damaged status | Home library | Current library | Date acquired | Full call number | Accession Number | Koha item type |
|---|---|---|---|---|---|---|---|---|
| KAUAET | KAUAET | 29/04/1986 | 388.341 | 15309 | Reference |
